00969 2200205 4500001002100000005001500021035002000036245007900056100001900135250001700154300002800171260003100199082001200230084001800242020002200260650001700282520040700299008004100706990001600747INLIS00000000000004220240320085053 a0010-03240000421 aPanglima Muslim Penakluk Negeri :bShalahuddin Al-Ayyubi /cNelfi Syafrina0 aNelfi Syafrina acetakan ke-1 a36 hlm :bilus ;c19 cm aSolo :bTiga Ananda,c2018 a297.092 a297.092 NEL s a978-602-366-541-9 4aReligi Islam aIslam pernah mempunyai seorang panglima yang sangat dihormati kawan maupun lawan karena kebaikan hatinya. Ia pernah mengobati pemimpin pasukan musuh yang sedang sakit. Ia adalah Shalahuddin al-Ayyubi. Shalahuddin al-Ayyubi dan pasukan Islam berhasil membebaskan Yerusalem yang telah lama dikuasai pasukan musuh. Islam pun kembali berjaya di Yerusalem. Bagaimana Shalahuddin al-Ayyubi melakukan hal itu?240320 0  a00000000042